<?xml version="1.0" encoding="UTF-8"?>
<marc:record xmlns:marc="http://www.loc.gov/MARC21/slim">
   <marc:leader>00000nam a2200000 a 4500</marc:leader>
   <marc:datafield ind1="1" ind2=" " tag="100">
      <marc:subfield code="a">Øvreås, Håkon</marc:subfield>
      <marc:subfield code="4">aut</marc:subfield>
      <marc:subfield code="e">Verfasser/-in</marc:subfield>
   </marc:datafield>
   <marc:datafield ind1=" " ind2=" " tag="653">
      <marc:subfield code="a">Held</marc:subfield>
   </marc:datafield>
   <marc:datafield ind1="0" ind2="0" tag="245">
      <marc:subfield code="a">Super Matze</marc:subfield>
   </marc:datafield>
   <marc:datafield ind1="0" ind2="0" tag="245">
      <marc:subfield code="c">Øvreås, Håkon</marc:subfield>
   </marc:datafield>
   <marc:datafield ind1=" " ind2="1" tag="264">
      <marc:subfield code="a">München</marc:subfield>
      <marc:subfield code="b">Carl Hanser Verlag</marc:subfield>
      <marc:subfield code="c">2017</marc:subfield>
   </marc:datafield>
   <marc:datafield ind1="1" ind2=" " tag="520">
      <marc:subfield code="a">Matze steht vor einem großen Problem: Er muss ganz schnell berühmt werden, um ein Mädchen zu beeindrucken! Das ist aber gar nicht so einfach. Doch dann kommt ihm eine Super-Idee: Er wird das wertvolle Huhn des Bürgermeisters retten! Dafür muss dieses aber erst einmal verschwinden. Also bittet Matze seine Freunde Laura und Bruno um Hilfe. Als dann aber tatsächlich ein Dieb das Huhn stiehlt, stecken die drei ziemlich in der Klemme. Jetzt sind echte Superhelden gefragt, die vor keinem Abenteuer zurückschrecken! Mit Mut und Einfallsreichtum überlisten sie die Erwachsenen, kämpfen mit gefährlichen Wölfen und schaffen es tatsächlich in die Zeitung. Doch ist berühmt zu sein wirklich so wichtig?Nach dem vielfach ausgezeichneten Super-Bruno macht sich nun Super-Matze zu neuen Heldentaten auf - mit Witz und haufenweise verrückten Ideen! [Verlagsmeldung]&lt;br/&gt;&lt;br/&gt;</marc:subfield>
   </marc:datafield>
   <marc:datafield ind1=" " ind2=" " tag="020">
      <marc:subfield code="a">9783446254855</marc:subfield>
      <marc:subfield code="9">9783446254855</marc:subfield>
   </marc:datafield>
   <marc:datafield ind1=" " ind2=" " tag="020">
      <marc:subfield code="a">3446254854</marc:subfield>
      <marc:subfield code="9">3446254854</marc:subfield>
   </marc:datafield>
   <marc:datafield ind1=" " ind2=" " tag="041">
      <marc:subfield code="a">ger</marc:subfield>
   </marc:datafield>
   <marc:datafield ind1=" " ind2=" " tag="300">
      <marc:subfield code="b">zahlr. Ill.</marc:subfield>
   </marc:datafield>
   <marc:datafield ind1=" " ind2=" " tag="338">
      <marc:subfield code="a">Band</marc:subfield>
   </marc:datafield>
   <marc:datafield ind1=" " ind2=" " tag="300">
      <marc:subfield code="a">190 S.</marc:subfield>
   </marc:datafield>
</marc:record>
